MARC

LEADER 00000nam0a2200000 4500
001 266020
005 20240326165240.0
035 |a (RuTPU)RU\TPU\book\289023 
090 |a 266020 
100 |a 20140702d1986 k y0rusy50 ca 
101 0 |a rus 
102 |a RU 
105 |a a z 001zy 
200 1 |a Станочные приспособления  |f А. В. Коваленко, Р. Н. Подшивалов 
210 |a Москва  |c Машиностроение  |d 1986 
215 |a 152 с.  |c ил. 
225 1 |a Библиотека станочника 
320 |a Библиогр.: с. 149. 
606 |a Металлообрабатывающие станки  |x Приспособления автоматические  |2 stltpush  |3 (RuTPU)RU\TPU\subj\42475  |9 62141 
610 1 |a станочные приспособления 
610 1 |a обработка резанием 
610 1 |a прогрессивные конструкции 
610 1 |a проектирование 
610 1 |a расчет 
610 1 |a эксплуатация 
675 |a 621.9.06-229  |v 3 
700 1 |a Коваленко  |b А. В.  |g Александр Васильевич 
701 1 |a Подшивалов  |b Р. Н.  |g Рудольф Николаевич 
801 1 |a RU  |b 63413507  |c 20140702 
801 2 |a RU  |b 63413507  |c 20151208  |g RCR 
942 |c BK